[Event "ITA-ch Seniors 50 44th"]
[Site "Macerata"]
[Date "2022.09.30"]
[Round "7"]
[White "Giacometto, Mario"]
[Black "Iori, Massimiliano"]
[Result "1/2-1/2"]
[WhiteElo "1861"]
[BlackElo "1877"]
[PlyCount "173"]
[EventDate "2022.09.25"]
[EventType "swiss"]
[EventRounds "9"]
[EventCountry "ITA"]
[SourceTitle "EXT 2024"]
[Source "ChessBase"]
[SourceDate "2023.10.10"]
[SourceVersion "1"]
[SourceVersionDate "2023.10.10"]
[SourceQuality "1"]

1. e4 e5 2. f4 Bc5 3. Nf3 d6 4. c3 Nf6 5. d4 exd4 6. cxd4 Bb6 7. Nc3 0-0 8. Bc4 Nxe4 9. 0-0 Nxc3 10. bxc3 h6 11. a4 a5 12. Ba3 c5 13. Qb3 cxd4 14. Kh1 Be6 15. Bxe6 fxe6 16. Qxe6+ Kh7 17. Nxd4 Qe8 18. Qxd6 Rf6 19. Qd5 Nc6 20. Nb5 Rd8 21. Qc4 Rd2 22. Bc1 Qe2 23. Qxe2 Rxe2 24. Ba3 Rg6 25. g3 Rge6 26. Rab1 Bd8 27. Rb2 Rxb2 28. Bxb2 Re2 29. Rb1 Bf6 30. Nd6 Nd8 31. Nc4 Ne6 32. Nxa5 Nc5 33. Ba3 Ne4 34. Rb2 Re1+ 35. Kg2 Bxc3 36. Rb5 Ra1 37. Nc4 Ra2+ 38. Kf3 Nd2+ 39. Nxd2 Bxd2 40. Rb3 Ba5 41. h3 b6 42. g4 Rc2 43. Bd6 Rc4 44. Ra3 Bb4 45. Bxb4 Rxb4 46. a5 bxa5 47. Rxa5 Kg6 48. Ra6+ Kf7 49. g5 hxg5 50. fxg5 g6 51. Ra7+ Kg8 52. Re7 Rh4 53. Kg3 Ra4 54. h4 Rb4 55. Re3 Kg7 56. Rf3 Ra4 57. Rf4 Ra3+ 58. Kg4 Ra7 59. Rb4 Ra1 60. Kf4 Ra5 61. Rb7+ Kg8 62. Re7 Rb5 63. Rd7 Ra5 64. Ke4 Ra1 65. Ke5 Rf1 66. Ke6 Rf2 67. Ke7 Rf7+ 68. Ke6 Rf1 69. Rd6 Kg7 70. Ke7 Rf7+ 71. Kd8 Rf4 72. Rd7+ Kg8 73. Ke7 Rf7+ 74. Ke6 Rf1 75. Rd4 Kg7 76. Rd7+ Kg8 77. Ke5 Rf2 78. Rd6 Kg7 79. h5 gxh5 80. Rh6 Re2+ 81. Kf4 Ra2 82. Rxh5 Ra4+ 83. Kf5 Ra5+ 84. Ke6 Ra6+ 85. Kd7 Ra7+ 86. Kc6 Kg6 87. Rh1 1/2-1/2

[Event "Dieppe op 11th"]
[Site "Dieppe"]
[Date "2015.08.29"]
[Round "9"]
[White "Shirazi, Kamran"]
[Black "Giacometto, Mario"]
[Result "1-0"]
[WhiteElo "2409"]
[BlackElo "1946"]
[PlyCount "39"]
[EventDate "2015.08.22"]
[EventType "swiss"]
[EventRounds "9"]
[EventCountry "FRA"]
[SourceTitle "EXT 2018"]
[Source "ChessBase"]
[SourceDate "2017.10.13"]
[SourceVersion "1"]
[SourceVersionDate "2017.10.13"]
[SourceQuality "1"]

1. e4 e6 2. d4 d5 3. Nd2 c5 4. exd5 Qxd5 5. Ngf3 cxd4 6. Bc4 Qd6 7. 0-0 Nf6 8. Nb3 Nc6 9. Nbxd4 Nxd4 10. Nxd4 a6 11. c3 Qc7 12. Qe2 Bd6 13. h3 0-0 14. Bg5 b5 15. Bxf6 gxf6 16. Bd3 Bb7 17. Qg4+ Kh8 18. Qh4 f5 19. Bxf5 exf5 20. Qf6+ 1-0

[Event "Dieppe op 11th"]
[Site "Dieppe"]
[Date "2015.08.28"]
[Round "8"]
[White "Giacometto, Mario"]
[Black "Wuhrmann, Daniel"]
[Result "1-0"]
[WhiteElo "1946"]
[BlackElo "1736"]
[PlyCount "167"]
[EventDate "2015.08.22"]
[EventType "swiss"]
[EventRounds "9"]
[EventCountry "FRA"]
[SourceTitle "EXT 2018"]
[Source "ChessBase"]
[SourceDate "2017.10.13"]
[SourceVersion "1"]
[SourceVersionDate "2017.10.13"]
[SourceQuality "1"]

1. e4 c5 2. Nf3 d6 3. d4 cxd4 4. Nxd4 Nf6 5. Nc3 a6 6. Be3 Ng4 7. Bc1 Nf6 8. f3 e5 9. Nb3 Be6 10. Be3 Nbd7 11. Qd2 b5 12. 0-0-0 Nb6 13. Qf2 Nc4 14. Bxc4 bxc4 15. Na5 Qxa5 16. Bb6 Qb4 17. a3 Qxc3 18. bxc3 Rc8 19. g4 d5 20. g5 Bxa3+ 21. Kd2 Nh5 22. Ra1 Be7 23. h4 dxe4 24. fxe4 0-0 25. Qf3 Nf4 26. Rxa6 Rc6 27. Rha1 Bc8 28. Ra7 Bxg5 29. hxg5 Rxb6 30. Ra8 Rd6+ 31. Kc1 Rfd8 32. R1a4 Be6 33. Rxd8+ Rxd8 34. Ra5 Ng6 35. Qe3 f6 36. Qb6 Re8 37. gxf6 gxf6 38. Ra7 h5 39. Qg1 Bf7 40. Rc7 Kg7 41. Qf1 Re7 42. Rc6 Nf4 43. Qf2 Be6 44. Qg3+ Kf7 45. Qh4 Rb7 46. Kd2 Rd7+ 47. Kc1 Rb7 48. Qf2 Rd7 49. Kb2 Re7 50. Rb6 Rd7 51. Ka3 Ra7+ 52. Kb4 Rc7 53. Qg3 Rd7 54. Rb8 Ng6 55. Rg8 Kxg8 56. Qxg6+ Kf8 57. Qxf6+ Bf7 58. Qxe5 Kg8 59. Qg5+ Kf8 60. Qf6 Re7 61. Qh8+ Bg8 62. Qxh5 Bf7 63. Qh8+ Bg8 64. e5 Rh7 65. Qf6+ Rf7 66. Qd8+ Kg7 67. Kc5 Rf8 68. Qe7+ Rf7 69. Qg5+ Kf8 70. e6 Re7 71. Qf6+ Ke8 72. Kd6 Rxe6+ 73. Qxe6+ Bxe6 74. Kxe6 Kd8 75. Kd6 Kc8 76. Kc5 Kc7 77. Kxc4 Kc6 78. Kd4 Kd6 79. c4 Kc6 80. c5 Kc7 81. Kd5 Kd7 82. c6+ Kc8 83. Kd6 Kd8 84. c7+ 1-0

[Event "Dieppe op 11th"]
[Site "Dieppe"]
[Date "2015.08.23"]
[Round "2"]
[White "Giacometto, Mario"]
[Black "Lebon, Nicolas"]
[Result "1-0"]
[WhiteElo "1946"]
[BlackElo "1761"]
[PlyCount "91"]
[EventDate "2015.08.22"]
[EventType "swiss"]
[EventRounds "9"]
[EventCountry "FRA"]
[SourceTitle "EXT 2018"]
[Source "ChessBase"]
[SourceDate "2017.10.13"]
[SourceVersion "1"]
[SourceVersionDate "2017.10.13"]
[SourceQuality "1"]

1. e4 g6 2. d4 Bg7 3. Nc3 d6 4. Be3 Nc6 5. Nf3 Nf6 6. h3 0-0 7. Qd2 e5 8. d5 Ne7 9. 0-0-0 Nd7 10. g4 a6 11. Bh6 b5 12. h4 Nc5 13. Bxg7 Kxg7 14. h5 Rh8 15. h6+ Kf8 16. Qg5 Nd7 17. Qh4 Ke8 18. Bh3 g5 19. Qxg5 Rg8 20. Qe3 Ng6 21. Ne2 Nb6 22. b3 a5 23. Kb1 a4 24. g5 axb3 25. cxb3 Bxh3 26. Rxh3 Qb8 27. Rd2 Ke7 28. Nh2 Qb7 29. f4 Rgb8 30. f5 Nc4 31. Qd3 Nxd2+ 32. Qxd2 Nf8 33. Ng4 c5 34. dxc6 Qxc6 35. Nf6 b4 36. Rh1 Nd7 37. Rc1 Qb7 38. Rc7 Qxc7 39. Nd5+ Kd8 40. Nxc7 Kxc7 41. Qd5 Rf8 42. Qc4+ Nc5 43. Qxb4 Kd7 44. Qb5+ Ke7 45. Nc3 Rfb8 46. Qc6 1-0

[Event "SCO-ch 122nd"]
[Site "Edinburgh"]
[Date "2015.07.18"]
[Round "8"]
[White "Opasiak, Dustin Tennessee"]
[Black "Giacometto, Mario"]
[Result "0-1"]
[WhiteElo "1791"]
[BlackElo "1952"]
[PlyCount "74"]
[EventDate "2015.07.11"]
[EventType "swiss"]
[EventRounds "9"]
[EventCountry "SCO"]
[SourceTitle "CBM 167 Extra"]
[Source "ChessBase"]
[SourceDate "2015.09.14"]
[SourceVersion "1"]
[SourceVersionDate "2015.09.14"]
[SourceQuality "1"]

1. Nf3 d5 2. g3 e6 3. Bg2 c5 4. 0-0 Bd6 5. d3 Nc6 6. e4 Nge7 7. Ne1 0-0 8. f4 f6 9. Nf3 Qc7 10. Nc3 a6 11. a4 b6 12. exd5 exd5 13. Nh4 Be6 14. f5 Bf7 15. Qg4 Ne5 16. Qe2 Rad8 17. Nd1 d4 18. Nf2 Rfe8 19. Ne4 Nd5 20. Nxd6 Qxd6 21. Be4 c4 22. Bf4 cxd3 23. cxd3 Rc8 24. Qf2 Nxf4 25. Qxf4 Rc2 26. Rf2 Rec8 27. Raf1 Qb4 28. Bb7 R8c5 29. Rxc2 Rxc2 30. Rc1 Qxa4 31. Rxc2 Qxc2 32. Qxd4 Qxd3 33. Qxb6 Bc4 34. h3 Qxg3+ 35. Ng2 h5 36. Qd8+ Kh7 37. Qd1 Qxh3 0-1

[Event "SCO-ch 122nd"]
[Site "Edinburgh"]
[Date "2015.07.17"]
[Round "7"]
[White "Giacometto, Mario"]
[Black "Jennings, Richard"]
[Result "1/2-1/2"]
[WhiteElo "1952"]
[BlackElo "1767"]
[PlyCount "83"]
[EventDate "2015.07.11"]
[EventType "swiss"]
[EventRounds "9"]
[EventCountry "SCO"]
[SourceTitle "CBM 167 Extra"]
[Source "ChessBase"]
[SourceDate "2015.09.14"]
[SourceVersion "1"]
[SourceVersionDate "2015.09.14"]
[SourceQuality "1"]

1. e4 Nf6 2. e5 Nd5 3. c4 Nb6 4. c5 Nd5 5. Nc3 Nxc3 6. dxc3 e6 7. Qg4 f5 8. Qg3 b6 9. Be2 g6 10. Bf3 c6 11. Bg5 Be7 12. h4 bxc5 13. Ne2 Ba6 14. 0-0-0 Bxe2 15. Bxe2 a5 16. Rd6 a4 17. Rhd1 Bxg5+ 18. hxg5 Qe7 19. f4 h6 20. gxh6 Rxh6 21. Bc4 Qh4 22. Qf3 g5 23. g3 g4 24. Qe3 Qh2 25. R6d2 Qh3 26. Qxc5 Qxg3 27. Qb6 Qxf4 28. Qb7 Qxc4 29. Qxa8 Qb5 30. Rxd7 Rh2 31. b4 Qxe5 32. Rd8+ Kf7 33. Qa7+ Kf6 34. Rf8+ Kg5 35. Rg8+ Kh4 36. Qh7+ Kg3 37. Rd3+ Kg2 38. Rd2+ Kg1 39. Rd1+ Kg2 40. Rd2+ Kh1 41. Rd1+ Kg2 42. Rd2+ 1/2-1/2

[Event "SCO-ch 122nd"]
[Site "Edinburgh"]
[Date "2015.07.16"]
[Round "6"]
[White "Grant, Jonathan"]
[Black "Giacometto, Mario"]
[Result "1-0"]
[WhiteElo "2211"]
[BlackElo "1952"]
[PlyCount "63"]
[EventDate "2015.07.11"]
[EventType "swiss"]
[EventRounds "9"]
[EventCountry "SCO"]
[SourceTitle "CBM 167 Extra"]
[Source "ChessBase"]
[SourceDate "2015.09.14"]
[SourceVersion "1"]
[SourceVersionDate "2015.09.14"]
[SourceQuality "1"]

1. c4 f5 2. g3 Nf6 3. Bg2 g6 4. Nc3 Bg7 5. d3 c6 6. e4 d6 7. Nge2 0-0 8. 0-0 Qe8 9. h3 e5 10. Be3 Na6 11. Qd2 Be6 12. exf5 Bxf5 13. d4 Qf7 14. g4 Be6 15. d5 cxd5 16. cxd5 Bd7 17. f4 Qe7 18. fxe5 Qxe5 19. Bf4 Qe7 20. Rae1 Ne8 21. Ng3 Qd8 22. Nge4 Rc8 23. Kh1 Rc4 24. Bg5 Rxf1+ 25. Bxf1 Qc8 26. Bxc4 Qxc4 27. Qf4 Qd3 28. Nf2 Qd4 29. Re4 Qc5 30. Re7 Qc8 31. Qf7+ Kh8 32. Bh6 1-0

[Event "Torino Sada op"]
[Site "Torino"]
[Date "2014.10.13"]
[Round "5"]
[White "Cavallero, Eugenio"]
[Black "Giacometto, Mario"]
[Result "0-1"]
[WhiteElo "1816"]
[BlackElo "1947"]
[PlyCount "92"]
[EventDate "2014.09.15"]
[EventType "swiss"]
[EventRounds "7"]
[EventCountry "ITA"]
[SourceTitle "EXT 2018"]
[Source "ChessBase"]
[SourceDate "2017.10.13"]
[SourceVersion "1"]
[SourceVersionDate "2017.10.13"]
[SourceQuality "1"]

1. e4 Nf6 2. d3 e5 3. g3 d5 4. Bg5 dxe4 5. Nc3 exd3 6. Bxd3 Bb4 7. Qd2 h6 8. Bxf6 Qxf6 9. 0-0-0 0-0 10. Be4 Nd7 11. a3 Bxc3 12. Qxc3 Qxf2 13. Nf3 Qc5 14. Qb3 Qb6 15. Qxb6 axb6 16. Bf5 Nf6 17. Bxc8 Raxc8 18. Nxe5 Rcd8 19. Rhe1 Rfe8 20. Nd3 Rxe1 21. Rxe1 Re8 22. Rxe8+ Nxe8 23. Kd2 f5 24. Nf4 Kf7 25. Ke3 Nf6 26. h3 g5 27. Nd3 Ke6 28. c4 Ne4 29. g4 Nd6 30. gxf5+ Kxf5 31. b3 h5 32. Kf3 Ne4 33. Ke3 Nc5 34. Nc1 g4 35. hxg4+ Kxg4 36. b4 Ne6 37. Ne2 h4 38. Kf2 c5 39. Nc3 Nf4 40. bxc5 h3 41. Kg1 bxc5 42. Ne4 b6 43. Kh2 Nd3 44. Nf6+ Kh4 45. Nd7 Nf2 46. Nxb6 Ng4+ 0-1

[Event "Aix les Bains op 1st"]
[Site "Aix les Bains"]
[Date "2014.08.10"]
[Round "2"]
[White "Navrotescu, Catalin"]
[Black "Giacometto, Mario"]
[Result "1-0"]
[WhiteElo "2406"]
[BlackElo "1953"]
[PlyCount "119"]
[EventDate "2014.08.10"]
[EventType "swiss"]
[EventRounds "7"]
[EventCountry "FRA"]
[SourceTitle "CBM 161 Extra"]
[Source "ChessBase"]
[SourceDate "2014.08.29"]
[SourceVersion "1"]
[SourceVersionDate "2014.08.29"]
[SourceQuality "1"]

1. d4 d5 2. c4 e6 3. Nf3 Nf6 4. g3 c6 5. Bg2 Be7 6. 0-0 0-0 7. Qc2 Nbd7 8. Nbd2 b6 9. e4 dxe4 10. Nxe4 Nxe4 11. Qxe4 Bb7 12. Rd1 Nf6 13. Qe2 Re8 14. Bf4 Qc8 15. Bh3 h6 16. Ne5 Bf8 17. Rac1 Ba6 18. Qf3 Bb7 19. Bg2 Nd7 20. c5 Nxe5 21. Bxe5 b5 22. Bf1 Qd7 23. Qg4 Rad8 24. Bf6 Rc8 25. Bd3 g6 26. h4 h5 27. Qe2 Bg7 28. Be5 Qe7 29. Be4 a6 30. b4 Qd8 31. a4 Qe7 32. Ra1 Red8 33. Qf3 f5 34. Bc2 Bxe5 35. dxe5 Rxd1+ 36. Rxd1 Rd8 37. Rd6 Rxd6 38. cxd6 Qe8 39. Bb3 Bc8 40. Qe3 Bd7 41. Qa7 Qc8 42. a5 Kf7 43. Bd1 c5 44. bxc5 Qc6 45. Bf3 Qxf3 46. Qxd7+ Kg8 47. Qxe6+ Kh7 48. Qe7+ Kh6 49. d7 Qd1+ 50. Kh2 Qd4 51. Qg5+ Kg7 52. Qe3 Qxd7 53. e6 Qe7 54. Qe5+ Qf6 55. Qc7+ Kh6 56. e7 Qh8 57. Qd6 b4 58. Qd2+ Kh7 59. Qxb4 f4 60. Qxf4 1-0

[Event "Torino Epifania op"]
[Site "Torino"]
[Date "2013.01.05"]
[Round "4"]
[White "Barletta, Mauro"]
[Black "Giacometto, Mario"]
[Result "1-0"]
[WhiteElo "2221"]
[BlackElo "2007"]
[PlyCount "77"]
[EventDate "2013.01.02"]
[EventType "swiss"]
[EventRounds "6"]
[EventCountry "ITA"]
[SourceTitle "EXT 2014"]
[Source "ChessBase"]
[SourceDate "2013.11.20"]
[SourceVersion "1"]
[SourceVersionDate "2013.11.20"]
[SourceQuality "1"]

1. Nf3 d5 2. c4 e6 3. g3 Nf6 4. Bg2 c6 5. b3 Nbd7 6. Bb2 Be7 7. 0-0 0-0 8. d3 b6 9. Nc3 Bb7 10. Rc1 Rc8 11. Qd2 c5 12. e3 Re8 13. Rfd1 Bf8 14. cxd5 Nxd5 15. Nxd5 Bxd5 16. e4 Bb7 17. Qe2 e5 18. Bh3 Bd6 19. Nh4 g6 20. Ng2 Rc7 21. Bg4 Bf8 22. h4 Bg7 23. Ne3 Bh6 24. Rf1 Nf6 25. Bh3 Ba6 26. Rcd1 Nh5 27. Nd5 Rc6 28. Qc2 Nf6 29. Nb4 Bb7 30. Nxc6 Bxc6 31. b4 Bf8 32. Rfe1 Qa8 33. bxc5 Bxc5 34. Kh2 Nh5 35. Qe2 Re7 36. Rf1 f5 37. Bxf5 Nxg3 38. fxg3 gxf5 39. Rxf5 1-0

[Event "Torino-ch"]
[Site "Torino"]
[Date "2012.11.30"]
[Round "5"]
[White "Settis, Massimo"]
[Black "Giacometto, Mario"]
[Result "0-1"]
[WhiteElo "1969"]
[BlackElo "2000"]
[PlyCount "36"]
[EventDate "2012.11.07"]
[EventType "swiss"]
[EventRounds "7"]
[EventCountry "ITA"]
[SourceTitle "EXT 2014"]
[Source "ChessBase"]
[SourceDate "2013.11.20"]
[SourceVersion "1"]
[SourceVersionDate "2013.11.20"]
[SourceQuality "1"]

1. c4 Nf6 2. g3 e6 3. Bg2 d5 4. Nf3 c6 5. b3 Be7 6. 0-0 0-0 7. Bb2 Nbd7 8. d3 b6 9. Nbd2 Bb7 10. e4 dxe4 11. dxe4 Nc5 12. e5 Ng4 13. h3 Nd3 14. Bc3 Ngxf2 15. Rxf2 Nxf2 16. Kxf2 Qd3 17. Bd4 Rad8 18. Qe2 Rxd4 0-1

[Event "Torino Sada op"]
[Site "Torino"]
[Date "2012.10.15"]
[Round "5"]
[White "Settis, Massimo"]
[Black "Giacometto, Mario"]
[Result "1-0"]
[WhiteElo "1969"]
[BlackElo "1985"]
[PlyCount "113"]
[EventDate "2012.09.17"]
[EventType "swiss"]
[EventRounds "7"]
[EventCountry "ITA"]
[SourceTitle "EXT 2018"]
[Source "ChessBase"]
[SourceDate "2017.10.13"]
[SourceVersion "1"]
[SourceVersionDate "2017.10.13"]
[SourceQuality "1"]

1. c4 g6 2. g3 Bg7 3. Bg2 f5 4. Nc3 Nf6 5. d3 0-0 6. e4 fxe4 7. dxe4 d6 8. Nge2 c6 9. 0-0 Na6 10. h3 e5 11. Bg5 Nc5 12. Qd2 Ne6 13. Be3 c5 14. f4 Nd4 15. fxe5 dxe5 16. Nd5 Be6 17. Bg5 Bxd5 18. exd5 Qd6 19. Nc3 Rad8 20. Rf2 Qa6 21. Raf1 e4 22. Nxe4 Nxe4 23. Bxe4 Rxf2 24. Rxf2 Re8 25. Qd3 Be5 26. Kg2 Qd6 27. Bf4 Kg7 28. b3 a6 29. h4 b5 30. h5 Bxf4 31. Rxf4 g5 32. Rf2 h6 33. Bg6 Re7 34. Qf1 Qe5 35. Rf7+ Kg8 36. Bh7+ Kh8 37. Bd3 bxc4 38. bxc4 g4 39. Qf6+ Qxf6 40. Rxf6 Re3 41. Rxh6+ Kg7 42. Rg6+ Kf7 43. Bf1 Ra3 44. Rxg4 Rxa2+ 45. Kh3 Rf2 46. Rf4+ Rxf4 47. gxf4 a5 48. Bd3 a4 49. h6 a3 50. Bb1 Ne2 51. h7 Kg7 52. d6 Nxf4+ 53. Kg4 Ng6 54. Kg5 Nf8 55. Kf5 a2 56. Bxa2 Kxh7 57. Kf6 1-0

[Event "Torino Sada op"]
[Site "Torino"]
[Date "2012.09.17"]
[Round "1"]
[White "Tondo, Stefano"]
[Black "Giacometto, Mario"]
[Result "0-1"]
[WhiteElo "1731"]
[BlackElo "1985"]
[PlyCount "58"]
[EventDate "2012.09.17"]
[EventType "swiss"]
[EventRounds "7"]
[EventCountry "ITA"]
[SourceTitle "EXT 2018"]
[Source "ChessBase"]
[SourceDate "2017.10.13"]
[SourceVersion "1"]
[SourceVersionDate "2017.10.13"]
[SourceQuality "1"]

1. e4 e6 2. f4 d5 3. e5 c5 4. c3 Nc6 5. Nf3 Nh6 6. Be2 c4 7. d4 cxd3 8. Qxd3 Nf5 9. g4 Nh4 10. Be3 Be7 11. Kf2 Nxf3 12. Bxf3 f6 13. exf6 Bxf6 14. Bc5 Be7 15. Be3 0-0 16. Nd2 Bd6 17. f5 Ne5 18. Qd4 Nxf3 19. Nxf3 b6 20. Bg5 Be7 21. Bxe7 Qxe7 22. Rae1 Rf6 23. Qxd5 Bb7 24. Rxe6 Qf7 25. Qd6 Rxe6 26. Qxe6 Qxe6 27. fxe6 Rf8 28. Re1 Rxf3+ 29. Kg1 Kf8 0-1

[Event "Vienna Husek op-A"]
[Site "Vienna"]
[Date "2012.08.18"]
[Round "6"]
[White "Giacometto, Mario"]
[Black "Gstach, Jakob"]
[Result "0-1"]
[WhiteElo "1996"]
[BlackElo "2115"]
[PlyCount "50"]
[EventDate "2012.08.13"]
[EventType "swiss"]
[EventRounds "7"]
[EventCountry "AUT"]
[SourceTitle "EXT 2014"]
[Source "ChessBase"]
[SourceDate "2013.11.20"]
[SourceVersion "1"]
[SourceVersionDate "2013.11.20"]
[SourceQuality "1"]

1. e4 c5 2. Nf3 d6 3. d4 cxd4 4. Nxd4 Nf6 5. Nc3 a6 6. Be3 e5 7. Nb3 Be6 8. f3 h5 9. g3 Nbd7 10. Qd2 Be7 11. Nd5 Bxd5 12. exd5 Qc7 13. c4 a5 14. Qd3 h4 15. Rg1 hxg3 16. hxg3 e4 17. fxe4 Ne5 18. Qe2 Nfg4 19. Nd2 Nxe3 20. Qxe3 Bf6 21. 0-0-0 a4 22. Kb1 a3 23. b3 Ng4 24. Qf3 Qc5 25. e5 Qd4 0-1

[Event "Vienna Husek op-A"]
[Site "Vienna"]
[Date "2012.08.13"]
[Round "1"]
[White "Neuschmied, Siegfried"]
[Black "Giacometto, Mario"]
[Result "1-0"]
[WhiteElo "2239"]
[BlackElo "1996"]
[PlyCount "47"]
[EventDate "2012.08.13"]
[EventType "swiss"]
[EventRounds "7"]
[EventCountry "AUT"]
[SourceTitle "EXT 2014"]
[Source "ChessBase"]
[SourceDate "2013.11.20"]
[SourceVersion "1"]
[SourceVersionDate "2013.11.20"]
[SourceQuality "1"]

1. e4 e6 2. d4 d5 3. Nd2 c5 4. dxc5 Bxc5 5. Bd3 Nc6 6. Ngf3 Nge7 7. 0-0 0-0 8. a3 a6 9. Nb3 Ba7 10. Qe2 b5 11. c3 Bb7 12. e5 Ng6 13. Re1 Qc7 14. Nbd4 Rac8 15. Bd2 Na5 16. Rad1 Nc4 17. Bc1 Bb8 18. Bxg6 hxg6 19. Qd3 Rfe8 20. Re2 g5 21. Nxg5 g6 22. Qh3 Nxe5 23. Qh7+ Kf8 24. Rxe5 1-0